| 000 | 00876cam a2200301 a 4500 | ||
|---|---|---|---|
| 001 | 29836 | ||
| 005 | 20230404130052.0 | ||
| 008 | 991112c2002 cu b 000 0 spa | ||
| 035 | _a11876510 | ||
| 925 | 0 |
_aacquire _b1 shelf copy _xpolicy default |
|
| 942 |
_2lcc _cbk |
||
| 010 | _a00277970 | ||
| 020 | _a9591004281 | ||
| 035 | _a(UyMoLRL) 9633 | ||
| 040 |
_aDLC _cDLC _dDLC |
||
| 043 | _anwcu--- | ||
| 050 | 1 | 4 |
_a107 PN 1991.3 _bL864r 2002 |
| 082 | 0 | 0 |
_a384.54/097291 _221 |
| 100 | 1 |
_aLópez, Oscar Luis, _d1916- |
|
| 245 | 1 | 3 |
_aLa radio en Cuba / _cOscar Luis López. |
| 250 | _a2. ed. corr. | ||
| 260 |
_aLa Habana, Cuba : _bLetras Cubanas, _c1998. |
||
| 300 |
_a550 p. ; _c19 cm. |
||
| 504 | _aIncludes bibliographical references (p. 535-544). | ||
| 650 | 0 |
_aRadio broadcasting _zCuba _xHistory. |
|
| 923 |
_d19991111 _n9824 _sUyMoLRL |
||
| 985 | _eVENDOR LOAD | ||
| 999 |
_c10337 _d10337 |
||